Biggest Cities in Alabama in 1950 - Statistics

General Stats
  • This quiz has been taken 100 times
  • The average score is 12 of 20
Answer Stats
Population County Answer % Correct
326,037 Jefferson Birmingham
100%
129,009 Mobile Mobile
98%
106,525 Montgomery Montgomery
98%
16,437 Madison Huntsville
95%
46,396 Tuscaloosa Tuscaloosa
92%
12,939 Lee Auburn
83%
21,584 Houston Dothan
75%
22,840 Dallas Selma
63%
19,974 Morgan Decatur
61%
23,897 Lauderdale Florence
61%
31,066 Calhoun Anniston
59%
55,725 Etowah Gadsden
59%
28,445 Jefferson Bessemer
53%
12,295 Lee Opelika
50%
23,305 Russell Phenix City
50%
13,134 Talladega Talladega
42%
19,014 Mobile Prichard
30%
12,866 Jefferson Homewood
28%
10,767 Colbert Sheffield
16%
13,177 Jefferson Fairfield
11%
No matching quizzes found
Score Distribution
Percent of People with Each Score
Percentile by Number Answered
Your Score History
You have not taken this quiz